书目信息 |
| 题名: |
数学
|
|
| 作者: | ;人民教育出版社 编著 | |
| 分册: | 上册 | |
| 出版信息: | 北京 人民教育出版社 2018重印 |
|
| 页数: | 246页 | |
| 开本: | 26cm | |
| 丛书名: | ||
| 单 册: | ||
| 中图分类: | O1-43 | |
| 科图分类: | ||
| 主题词: | 数学--幼儿师范学校--教材 , 数学 | |
| 电子资源: | ||
| ISBN: | 978-7-107-26367-5 | |
| 000 | 00884nam0 2200265 45 | |
| 001 | 012001002628 | |
| 005 | 20191121141103.00 | |
| 010 | @a978-7-107-26367-5@dCNY29.80 | |
| 090 | @aO1-4@brmj | |
| 100 | @a20140429d2013 em y0chiy50 ea | |
| 101 | 0 | @achi |
| 102 | @aCN@b110000 | |
| 105 | @aa z 000yy | |
| 106 | @ar | |
| 200 | 1 | @a数学@Ashu xue@h上册@f人民教育出版社中学数学室编著 |
| 210 | @a北京@c人民教育出版社@d2018重印 | |
| 215 | @a246页@c图@d26cm | |
| 300 | @a幼儿师范学校教科书 国家教育部规划教材 | |
| 330 | @a本书内容包括集合、映射、函数,幂函数、指数函数、对数函数,三角函数,两角和与差的三角函数,空间图形,多面体和旋转体共6章。 | |
| 606 | 0 | @a数学@x幼儿师范学校@j教材 |
| 606 | 0 | @a数学 |
| 690 | @aO1-43@v5 | |
| 711 | 02 | @a人民教育出版社@Aren min jiao yu chu ban she@b中学数学室@4编著 |
| 801 | 0 | @aCN@b北京卓展@c20191020 |
| 905 | @b1204127-30@dO1-43@e527:1@f4 | |
| 数学.上册/人民教育出版社中学数学室编著.-北京:人民教育出版社,2018重印 |
| 246页:图;26cm |
| 幼儿师范学校教科书 国家教育部规划教材 |
| ISBN 978-7-107-26367-5:CNY29.80 |
| 本书内容包括集合、映射、函数,幂函数、指数函数、对数函数,三角函数,两角和与差的三角函数,空间图形,多面体和旋转体共6章。 |
| ● |
| 相关链接 |
|
|
|
|
正题名:数学
索取号:O1-43/527:1
 
预约/预借
| 序号 | 登录号 | 条形码 | 馆藏地/架位号 | 状态 | 备注 |
| 1 | 1204127 | 212041271 | 第二样本阅览室/ [索取号:O1-43/527:1] | 在馆 | |
| 2 | 1204128 | 212041280 | 第三借阅区/ [索取号:O1-43/527:1] | 在馆 | |
| 3 | 1204129 | 212041299 | 第三借阅区/ [索取号:O1-43/527:1] | 在馆 | |
| 4 | 1204130 | 212041306 | 第三借阅区/ [索取号:O1-43/527:1] | 在馆 |